01128 a2200217 45000010006000000050017000060080041000230030015000640400040000790800072001192450042001912640052002333000018002855050355003030410008006589420007006665900036006731000029007098560157007389990015008952943620260407155604.0260407a1995 arg spa dAR-UNSa-BCEJYS aAR-UNSa-BCEJYSbspacAR-UNSa-BCEJYS a336.225xMétodo de tributación y administración de impuestos 10aCuadernos de Procedimiento Tributario 1aBuenos Aires :bEdiciones Nueva Técnicac1995 a10 v.c28 cm. aVol. I: Nociones de Derecho Procesal Civil y Administrativo -- Vol. II: Sujetos pasivos, liquidaciones de impuestos, prescripción -- Vol. III: Determinación de oficio -- Vol. IV: Ilicitos formales genericos -- Vol. V: Vol. VII: Verificación y fiscalización D.G.I. -- Vol. VIII: Recursos ejecuciones fiscales Tribunal Fiscal de la Nación --  aspa cBK aniveau_biblio:m niveau_hierar:01 aCeldeiro, Ernesto Carlos41uhttps://biblioeco.unsa.edu.ar/pmb/images/libros/Nociones de Derecho Tributario Procesal Civil y Administrativo-l85061.jpgyImagen de portadaqimage/jpeg c1861d1861